[Event "EU-Cup 23rd"]
[Site "Kemer"]
[Date "2007.10.03"]
[Round "1.6"]
[White "Van der Elburg, Freddie"]
[Black "Schlosser, Philipp"]
[Result "1/2-1/2"]
[WhiteElo "2278"]
[BlackElo "2579"]
[PlyCount "76"]
[EventDate "2007.10.03"]
[EventType "team-swiss"]
[EventRounds "7"]
[EventCountry "TUR"]
[SourceTitle "CBM 121"]
[Source "ChessBase"]
[SourceDate "2007.11.14"]
[SourceVersion "1"]
[SourceVersionDate "2007.11.14"]
[SourceQuality "1"]
[WhiteTeam "Hagendoorn Homburg"]
[BlackTeam "Baden-Baden"]
[WhiteTeamCountry "NED"]
[BlackTeamCountry "GER"]

1. c4 Nf6 2. g3 e5 3. Bg2 h6 4. Nc3 Bb4 5. e3 Bxc3 6. bxc3 0-0 7. e4 c6 8. Qb3 Na6 9. Ba3 d6 10. Ne2 Re8 11. 0-0 Rb8 12. Rab1 Nc5 13. Qc2 Qa5 14. Bb4 Qc7 15. d3 a5 16. Bxc5 dxc5 17. d4 Be6 18. d5 Bd7 19. a4 cxd5 20. cxd5 c4 21. h3 Qc5 22. Kh2 Re7 23. Ng1 Ne8 24. Nf3 Nd6 25. Nd2 Rf8 26. Rb2 f5 27. exf5 Bxf5 28. Ne4 Bxe4 29. Bxe4 Rf6 30. Kg2 Ref7 31. f3 Qe3 32. Qc1 Qc5 33. Qc2 Qe3 34. Qc1 Qxc1 35. Rxc1 Kf8 36. h4 Ke8 37. h5 Kd8 38. Bg6 Re7 1/2-1/2